Vandalism, terrorism and security in urban public transport report of the hundred and twenty third round table on transport economics

Saved in:
Bibliographic Details
Corporate Author: European Conference of Ministers of Transport. Economic Research Centre
Format: Book
Language:English
Published: Paris OECD 2003
Series:Round table 123
Subjects:
Tags: Add Tag
No Tags, Be the first to tag this record!

MARC

LEADER 00000nam$a2200000$$$4500
001 0001480
005 20240104133157.5
020 |a 92-821-0301-3 
041 0 |a eng 
044 |a FR 
245 1 0 |a Vandalism, terrorism and security in urban public transport  |b report of the hundred and twenty third round table on transport economics 
264 1 |a Paris  |b OECD  |c 2003 
300 |a 157 s. 
490 1 |a Round table  |v 123 
830 0 |a Round table  |v 123 
610 2 0 |a bezpečnosť 
610 2 0 |a terorizmus 
610 2 0 |a doprava verejná 
610 2 0 |a Nemecko 
610 2 0 |a ochrana majetku 
610 2 0 |a Francúzsko 
610 2 0 |a Taliansko 
610 2 0 |a Veľká Británia 
610 2 0 |a svet 
710 2 |a European Conference of Ministers of Transport. Economic Research Centre